Αναμνήσεις Ανζακιτών : ζώντας με το θρύλο
Αποθηκεύτηκε σε:
| Κύριος συγγραφέας: | |
|---|---|
| Άλλοι συγγραφείς: | , |
| Μορφή: | Βιβλίο |
| Γλώσσα: | Greek English |
| Δημοσίευση: |
Αθήνα :
Κατάρτι,
2003.
|
| Σειρά: | Ιστορία - Προφορικές μαρτυρίες
|
| Θέματα: | |
| Ετικέτες: |
Προσθήκη ετικέτας
Δεν υπάρχουν, Καταχωρήστε ετικέτα πρώτοι!
|
MARC
| LEADER | 00000cam a2200000 i 4500 | ||
|---|---|---|---|
| 001 | 1/55756 | ||
| 008 | 070924s2003 gr | ||| |||| ||gre|| | ||
| 020 | |a 9789608747463 | ||
| 020 | |a 9608747465 | ||
| 035 | |l 10090953 | ||
| 040 | |a GR-MyUA |b gre |e AACR2 | ||
| 041 | 1 | |a gre |h eng | |
| 082 | 0 | |a 940.41294 |2 (22) | |
| 100 | 1 | |a Thomson, Alistair. | |
| 245 | 1 | 0 | |a Αναμνήσεις Ανζακιτών : |b ζώντας με το θρύλο / |c Alistair Thomson ; εισαγωγή στην ελληνική έκδοση Γιώργος Μαργαρίτης ; μετάφραση Ελένη Οικονόμου. |
| 260 | |a Αθήνα : |b Κατάρτι, |c 2003. | ||
| 300 | |a 485 σ. : |b εικ. ; |c 22 εκ. | ||
| 490 | 1 | |a (Ιστορία - προφορικές μαρτυρίες) | |
| 500 | |a Μετάφραση από τα αγγλικά | ||
| 500 | |a Τίτλος πρωτοτύπου: Anzac memories. | ||
| 504 | |a Βιβλιογραφία: σ. 465-485. | ||
| 650 | 0 | 0 | |a World War, 1914-1918 |x Campaigns |z Turkey |z Gallipoli Peninsula. |
| 650 | 0 | 0 | |a World War, 1914-1918 |z Australia |x Historiography. |
| 650 | 0 | 0 | |a World War, 1914-1918 |x Personal narratives, Australian. |
| 650 | 0 | 0 | |a Soldiers |z Australia |x Interviews. |
| 650 | 0 | 0 | |a Veterans |z Australia. |
| 650 | 0 | 0 | |a National characteristics, Australian. |
| 651 | 0 | |a Australia |x History |y 20th century. | |
| 700 | 1 | |a Μαργαρίτης, Γιώργος, |d 1954- |e aui | |
| 700 | 1 | |a Οικονόμου, Ελένη, |e trlf | |
| 830 | 0 | |a Ιστορία - Προφορικές μαρτυρίες | |
| 852 | |a INST |b LESVOS |e 20070924 |h 940.41294 THO |p 005100040927 |q 005100040927 |t BK |y 0 | ||
| 901 | |a BIBL1-2007-3 | ||
| 909 | |a Λ |b 139083 | ||
| 922 | |a 1ΕΛΗ |b 200708 |c ΕΠΕΑΕΚ2/ΤΚΑ |d Σ. ΠΑΤΑΚΗΣ | ||
| 970 | |a ΚΑΡΑ |b ΓΙΑΣΕΜΗ |z 2007/09/24 | ||